Las marismas /
Guardado en:
| Autor Principal: | |
|---|---|
| Formato: | Libro |
| Idioma: | Undetermined Spanish Icelandic |
| Publicado: |
Barcelona :
RBA,
2015.
|
| Edición: | 1a. ed. en esta colección. |
| Series: | Biblioteca Arnaldur Indridasson
Serie Erlendur Sveinsson |
| Materias: | |
| Etiquetas: |
Agregar Etiqueta
Sin Etiquetas, Sea el primero en etiquetar este registro!
|
| LEADER | 00805nam a22002535a 4500 | ||
|---|---|---|---|
| 001 | EUN.eunm007602 | ||
| 005 | 20190226114613.0 | ||
| 008 | 181107s2015####sp############000#1#und#d | ||
| 020 | |a 9788490564899 | ||
| 041 | 1 | |a spa |h ice | |
| 082 | 0 | 4 | |a 839.6935 |a 22 |
| 100 | 0 | |a Arnaldur Indriðason, |d 1961- | |
| 245 | 1 | 4 | |a Las marismas / |c Arnaldur Indridason ; traducción de Kristin Arnadóttir. |
| 250 | |a 1a. ed. en esta colección. | ||
| 260 | |a Barcelona : |b RBA, |c 2015. | ||
| 300 | |a 284 p. ; |c 21 cm. | ||
| 490 | 0 | |a Biblioteca Arnaldur Indridasson | |
| 490 | 0 | |a Serie Erlendur Sveinsson | |
| 500 | |a Traducción de: Myrin. | ||
| 650 | 7 | |a Literatura. |2 unbist | |
| 650 | 7 | |a Siglo XXI. |2 unbist | |
| 651 | 7 | |a Islandia |2 unbist | |
| 653 | |a Novela | ||
| 859 | |a AR-BaUNS |b BIB. CENTRAL - Sector A |h 839.6935 |i Ar61 |p 126816/018 | ||
